[Event "Tata Steel Chess 2020 GM-B"]
[Site "Wijk aan Zee NED"]
[Date "2020.01.14"]
[Round "4.2"]
[White "Warmerdam, Max"]
[Black "Nihal, Sarin"]
[Result "0-1"]
[WhiteElo "2498"]
[BlackElo "2618"]
[PlyCount "76"]
[EventDate "2020.01.11"]
[EventType "tourn"]
[EventRounds "13"]
[EventCountry "NED"]
[SourceTitle "Ajedrez en Madrid"]
[Source "lmi"]
[SourceDate "2020.01.11"]
[SourceVersion "1"]
[SourceVersionDate "2020.01.19"]
[SourceQuality "1"]

1. e4 c6 2. d4 d5 3. e5 c5 4. Nf3 Nc6 5. dxc5 e6 6. Be3 Nh6 7. c3 Nf5 8. Qd2
Bd7 9. Na3 Nxe3 10. Qxe3 b6 11. cxb6 Bxa3 12. b7 Rb8 13. bxa3 Rxb7 14. Ba6 Rb2
15. O-O Qb6 16. Qc1 O-O 17. Bd3 h6 18. c4 Rb8 19. cxd5 exd5 20. Rb1 Rxb1 21.
Bxb1 Bg4 22. Qc2 g6 23. Re1 Bxf3 24. gxf3 Nxe5 25. Rxe5 Qxb1+ 26. Qxb1 Rxb1+
27. Kg2 Rb5 28. Re3 Kg7 29. Rb3 Ra5 30. f4 Kf6 31. Kf3 Kf5 32. Rd3 d4 33. h3
Ra4 34. Rb3 a6 35. Rd3 Rc4 36. Rd2 h5 37. h4 Rc3+ 38. Ke2 Ke4 0-1

[Event "Tata Steel Chess 2020 GM-B"]
[Site "Wijk aan Zee NED"]
[Date "2020.01.14"]
[Round "4.3"]
[White "Abdusattorov, Nodirbek"]
[Black "L'Ami, Erwin"]
[Result "1/2-1/2"]
[WhiteElo "2635"]
[BlackElo "2606"]
[PlyCount "208"]
[EventDate "2020.01.11"]
[EventType "tourn"]
[EventRounds "13"]
[EventCountry "NED"]
[SourceTitle "Ajedrez en Madrid"]
[Source "lmi"]
[SourceDate "2020.01.11"]
[SourceVersion "1"]
[SourceVersionDate "2020.01.19"]
[SourceQuality "1"]

1. e4 e5 2. Nf3 Nc6 3. Bb5 a6 4. Ba4 Nf6 5. O-O Be7 6. Re1 b5 7. Bb3 d6 8. c3
O-O 9. h3 Bb7 10. d4 Re8 11. Nbd2 Bf8 12. d5 Nb8 13. Nf1 Nbd7 14. Ng3 Nc5 15.
Bc2 c6 16. b4 Ncd7 17. dxc6 Bxc6 18. Bb3 h6 19. Nh4 a5 20. Ng6 a4 21. Nxf8 Nxf8
22. Bc2 d5 23. exd5 Qxd5 24. Qxd5 Nxd5 25. Ne4 Rad8 26. Bd2 Nb6 27. Rad1 Ne6
28. Bc1 Bd5 29. Bd3 Bc4 30. Bf1 Bxf1 31. Kxf1 Nc7 32. Nd6 Re6 33. Nf5 Rxd1 34.
Rxd1 Ncd5 35. Rd3 Kh7 36. Ne3 Nf4 37. Rd8 Rc6 38. Bd2 f6 39. Rb8 h5 40. Rb7 Ne6
41. Ke2 Nc7 42. g3 Kg6 43. Rb8 Kf7 44. Kd3 g6 45. f4 h4 46. fxe5 hxg3 47. exf6
Nbd5 48. Rb7 Kxf6 49. Ng2 Ke5 50. Nh4 Nf4+ 51. Ke3 Ncd5+ 52. Kf3 g5 53. Rxb5
gxh4 54. Bxf4+ Ke6 55. Bd2 Rc8 56. c4 Rxc4 57. Rc5 Rd4 58. Bg5 Nxb4 59. Be3 Rd1
60. Rc4 Nd5 61. Ba7 Rd3+ 62. Ke4 Rd2 63. Rxa4 Nc3+ 64. Ke3 Rd7 65. Rxh4 Rxa7
66. Kf3 Rxa2 67. Kxg3 Ke5 68. Rh5+ Ke4 69. Rh8 Nd5 70. Re8+ Kf5 71. Rf8+ Nf6
72. Kf3 Ra3+ 73. Kg2 Ke5 74. h4 Nh5 75. Kf2 Rh3 76. Ra8 Nf6 77. h5 Rxh5 78.
Ra5+ Nd5 79. Ra8 Rh2+ 80. Kf3 Rh3+ 81. Kf2 Ne3 82. Ke2 Nf5 83. Re8+ Kf4 84. Kd2
Nd6 85. Rf8+ Ke4 86. Rd8 Nc4+ 87. Kc2 Ne3+ 88. Kd2 Rh2+ 89. Kc3 Nd5+ 90. Kc4
Rc2+ 91. Kb3 Rc3+ 92. Kb2 Rc5 93. Rh8 Kd3 94. Rh3+ Ne3 95. Kb3 Rb5+ 96. Ka4 Rb8
97. Rh4 Kc3 98. Rh3 Kd3 99. Rh5 Rb1 100. Rh3 Kd4 101. Rh4+ Kc5 102. Rh5+ Nd5
103. Ka3 Rb8 104. Ka4 Kc4 1/2-1/2

[Event "Tata Steel Chess 2020 GM-B"]
[Site "Wijk aan Zee NED"]
[Date "2020.01.14"]
[Round "4.4"]
[White "Mamedov, Rauf"]
[Black "Eljanov, Pavel"]
[Result "1/2-1/2"]
[WhiteElo "2659"]
[BlackElo "2650"]
[PlyCount "128"]
[EventDate "2020.01.11"]
[EventType "tourn"]
[EventRounds "13"]
[EventCountry "NED"]
[SourceTitle "Ajedrez en Madrid"]
[Source "lmi"]
[SourceDate "2020.01.11"]
[SourceVersion "1"]
[SourceVersionDate "2020.01.19"]
[SourceQuality "1"]

1. e4 e5 2. Nf3 Nc6 3. Bc4 Bc5 4. c3 Nf6 5. d3 d6 6. Nbd2 O-O 7. O-O h6 8. Re1
Bb6 9. Bb3 Re8 10. Nc4 Be6 11. a4 Ng4 12. Rf1 d5 13. Nxb6 axb6 14. Bc2 dxe4 15.
dxe4 Na5 16. b4 Qxd1 17. Rxd1 Bb3 18. Bxb3 Nxb3 19. Ra3 Nxc1 20. Rxc1 Nf6 21.
Re1 Re6 22. Kf1 Ne8 23. Nd2 Rc6 24. Ke2 Nd6 25. f3 g6 26. Rc1 Kg7 27. g3 f5 28.
Raa1 b5 29. a5 fxe4 30. fxe4 Rf8 31. Rc2 g5 32. Rf1 Ra8 33. Ra1 g4 34. Kd3 Rd8
35. Ke3 Kg6 36. Rac1 Nc4+ 37. Ke2 h5 38. Rf1 Nd6 39. Rcc1 Ra8 40. Kd3 Rd8 41.
Kc2 Nf7 42. Rcd1 Rd4 43. Rf5 Rxb4 44. Rdf1 Nd6 45. Rxe5 Nc4 46. Nxc4 Rbxc4 47.
Rxb5 Rxc3+ 48. Kb1 R6c5 49. Rxb7 Rxa5 50. Rb8 Rc4 51. Rf4 Re5 52. Kb2 Rcxe4 53.
Rg8+ Kh7 54. Rff8 Rb5+ 55. Kc3 Re7 56. Kc4 Rbe5 57. Kd4 c5+ 58. Kc4 Rg7 59.
Rh8+ Kg6 60. Rc8 Rf7 61. Rcg8+ Rg7 62. Rc8 Rge7 63. Rcg8+ Kf7 64. Rf8+ Kg6
1/2-1/2

[Event "Tata Steel Chess 2020 GM-B"]
[Site "Wijk aan Zee NED"]
[Date "2020.01.14"]
[Round "4.5"]
[White "Saduakassova, Dinara"]
[Black "Ganguly, Surya Shekhar"]
[Result "0-1"]
[WhiteElo "2519"]
[BlackElo "2636"]
[PlyCount "52"]
[EventDate "2020.01.11"]
[EventType "tourn"]
[EventRounds "13"]
[EventCountry "NED"]
[SourceTitle "Ajedrez en Madrid"]
[Source "lmi"]
[SourceDate "2020.01.11"]
[SourceVersion "1"]
[SourceVersionDate "2020.01.19"]
[SourceQuality "1"]

1. d4 Nf6 2. c4 e6 3. Nf3 d5 4. g3 dxc4 5. Bg2 a6 6. O-O Nc6 7. e3 Rb8 8. Nfd2
e5 9. Bxc6+ bxc6 10. dxe5 Ng4 11. Nxc4 Be6 12. Nbd2 Bb4 13. b3 h5 14. Qc2 h4
15. Nf3 hxg3 16. fxg3 Bc5 17. h4 Rh5 18. Kg2 g5 19. e4 gxh4 20. Nxh4 Rxh4 21.
gxh4 Qxh4 22. Rh1 Nh2 23. Be3 Qh3+ 24. Kg1 Bxc4 25. Rxh2 Qxe3+ 26. Kh1 Bd3 0-1

[Event "Tata Steel Chess 2020 GM-B"]
[Site "Wijk aan Zee NED"]
[Date "2020.01.14"]
[Round "4.6"]
[White "Anton Guijarro, David"]
[Black "Smeets, Jan"]
[Result "1-0"]
[WhiteElo "2694"]
[BlackElo "2585"]
[PlyCount "117"]
[EventDate "2020.01.11"]
[EventType "tourn"]
[EventRounds "13"]
[EventCountry "NED"]
[SourceTitle "Ajedrez en Madrid"]
[Source "lmi"]
[SourceDate "2020.01.11"]
[SourceVersion "1"]
[SourceVersionDate "2020.01.19"]
[SourceQuality "1"]

1. e4 e5 2. Nf3 Nf6 3. Nxe5 d6 4. Nf3 Nxe4 5. d4 d5 6. Bd3 Be7 7. O-O Nc6 8.
Nbd2 Bf5 9. Re1 Nd6 10. Nf1 O-O 11. Bf4 Be6 12. c3 Qd7 13. Qc2 g6 14. Ne3 Rfe8
15. h4 Bf8 16. Ng5 Nd8 17. h5 Bg7 18. hxg6 hxg6 19. Re2 b6 20. Rae1 N8b7 21.
Nxe6 Qxe6 22. Nf5 Qd7 23. Nxg7 Kxg7 24. Be5+ f6 25. Bxg6 fxe5 26. Bxe8 Rxe8 27.
Rxe5 Rxe5 28. dxe5 Ne4 29. f3 Ng5 30. Qd2 Qf5 31. Qxd5 Nc5 32. Qd8 Nge6 33.
Qf6+ Qxf6 34. exf6+ Kxf6 35. Rd1 b5 36. g3 Na4 37. Rd2 a5 38. Kf2 Nb6 39. b3 a4
40. Ke2 Nc5 41. b4 Ne6 42. f4 a3 43. Kf3 Na4 44. Rc2 c6 45. g4 Nc7 46. Ke4 Nd5
47. g5+ Kg6 48. Ke5 Naxc3 49. Rc1 Kg7 50. f5 Nxa2 51. Ra1 Naxb4 52. Rxa3 Nc7
53. f6+ Kg6 54. Rf3 Nba6 55. f7 Nc5 56. Rf6+ Kxg5 57. Rd6 N7e6 58. Rxe6 Nd7+
59. Kd6 1-0

[Event "Tata Steel Chess 2020 GM-B"]
[Site "Wijk aan Zee NED"]
[Date "2020.01.14"]
[Round "4.7"]
[White "Smirnov, Anton"]
[Black "Grandelius, Nils"]
[Result "1/2-1/2"]
[WhiteElo "2604"]
[BlackElo "2673"]
[PlyCount "72"]
[EventDate "2020.01.11"]
[EventType "tourn"]
[EventRounds "13"]
[EventCountry "NED"]
[SourceTitle "Ajedrez en Madrid"]
[Source "lmi"]
[SourceDate "2020.01.11"]
[SourceVersion "1"]
[SourceVersionDate "2020.01.19"]
[SourceQuality "1"]

1. e4 c5 2. Nf3 d6 3. d4 cxd4 4. Nxd4 Nf6 5. Nc3 a6 6. Be3 Ng4 7. Bc1 Nf6 8.
Be3 Ng4 9. Bg5 h6 10. Bc1 Nf6 11. Bd3 e5 12. Nde2 Be7 13. O-O Be6 14. f4 exf4
15. Nxf4 Nc6 16. Nxe6 fxe6 17. Bc4 Qc8 18. Bb3 O-O 19. Bf4 Kh8 20. Kh1 Ne5 21.
Qd4 Nf7 22. Qc4 Qxc4 23. Bxc4 Nd8 24. Rad1 b5 25. Bb3 Nh5 26. Be3 Rxf1+ 27.
Rxf1 Nf6 28. a3 Rb8 29. Re1 Ng4 30. Bg1 Ne5 31. a4 Nd7 32. axb5 axb5 33. Ba2
Ra8 34. Bb3 Rb8 35. Ba2 Ra8 36. Bb3 Rb8 1/2-1/2

[Event "Tata Steel Chess 2020 GM-B"]
[Site "Wijk aan Zee NED"]
[Date "2020.01.16"]
[Round "5.1"]
[White "Eljanov, Pavel"]
[Black "Smirnov, Anton"]
[Result "1-0"]
[WhiteElo "2650"]
[BlackElo "2604"]
[PlyCount "75"]
[EventDate "2020.01.11"]
[EventType "tourn"]
[EventRounds "13"]
[EventCountry "NED"]
[SourceTitle "Ajedrez en Madrid"]
[Source "lmi"]
[SourceDate "2020.01.11"]
[SourceVersion "1"]
[SourceVersionDate "2020.01.19"]
[SourceQuality "1"]

1. d4 d5 2. c4 c6 3. Nf3 Nf6 4. e3 Bg4 5. h3 Bh5 6. Nc3 e6 7. g4 Bg6 8. Ne5
Nbd7 9. Nxg6 hxg6 10. Bd2 Bb4 11. cxd5 exd5 12. f3 Bd6 13. Qb3 Bg3+ 14. Kd1 b5
15. Rc1 Bd6 16. e4 dxe4 17. Nxe4 Nxe4 18. fxe4 Rc8 19. e5 Be7 20. Bg2 Nb8 21.
Be3 O-O 22. Kc2 c5 23. dxc5 Bxc5 24. Kb1 Bxe3 25. Qxe3 Qe7 26. Bd5 Na6 27. Rxc8
Rxc8 28. Rf1 Rf8 29. e6 Kh7 30. Qf3 f5 31. h4 f4 32. h5 g5 33. Qe4+ Kh8 34. Qe5
Nb4 35. Be4 Kg8 36. Qxb5 Qd6 37. a3 Rb8 38. e7 1-0

[Event "Tata Steel Chess 2020 GM-B"]
[Site "Wijk aan Zee NED"]
[Date "2020.01.16"]
[Round "5.2"]
[White "Ganguly, Surya Shekhar"]
[Black "Anton Guijarro, David"]
[Result "1/2-1/2"]
[WhiteElo "2636"]
[BlackElo "2694"]
[PlyCount "79"]
[EventDate "2020.01.11"]
[EventType "tourn"]
[EventRounds "13"]
[EventCountry "NED"]
[SourceTitle "Ajedrez en Madrid"]
[Source "lmi"]
[SourceDate "2020.01.11"]
[SourceVersion "1"]
[SourceVersionDate "2020.01.19"]
[SourceQuality "1"]

1. e4 e5 2. Nf3 Nc6 3. Bb5 a6 4. Ba4 Nf6 5. O-O Nxe4 6. d4 b5 7. Bb3 d5 8. dxe5
Be6 9. Nbd2 Be7 10. c3 O-O 11. Bc2 f5 12. exf6 Nxf6 13. h3 Qd7 14. Re1 Bd6 15.
Nf1 Rae8 16. Ng3 Bf7 17. Bf5 Rxe1+ 18. Qxe1 Qe8 19. Bg5 Ne5 20. Nh4 Ng6 21. Qd2
Nxh4 22. Bxh4 Qe5 23. Re1 Ne4 24. Bxe4 dxe4 25. Rxe4 Qd5 26. Qe1 Bg6 27. Re2
Qxa2 28. Be7 Bxe7 29. b4 Qb1 30. Qxb1 Bxb1 31. Rxe7 c5 32. Ra7 cxb4 33. cxb4
Bg6 34. Ne2 Re8 35. Nf4 Re4 36. Nd5 Rd4 37. Ne7+ Kf8 38. Nxg6+ hxg6 39. Rxa6
Kf7 40. Rb6 1/2-1/2

[Event "Tata Steel Chess 2020 GM-B"]
[Site "Wijk aan Zee NED"]
[Date "2020.01.16"]
[Round "5.3"]
[White "Nihal, Sarin"]
[Black "Van Foreest, Lucas"]
[Result "0-1"]
[WhiteElo "2618"]
[BlackElo "2523"]
[PlyCount "104"]
[EventDate "2020.01.11"]
[EventType "tourn"]
[EventRounds "13"]
[EventCountry "NED"]
[SourceTitle "Ajedrez en Madrid"]
[Source "lmi"]
[SourceDate "2020.01.11"]
[SourceVersion "1"]
[SourceVersionDate "2020.01.19"]
[SourceQuality "1"]

1. e4 e5 2. Nf3 Nc6 3. Bc4 Nf6 4. d3 Bc5 5. c3 d6 6. Nbd2 a6 7. Bb3 Ba7 8. h3
O-O 9. O-O Be6 10. Bc2 h6 11. Re1 Re8 12. Nf1 d5 13. Bd2 d4 14. c4 b5 15. cxb5
axb5 16. a4 b4 17. a5 Qd6 18. Ba4 Nd7 19. Ng3 Nc5 20. Bxc6 Qxc6 21. Bxb4 Nb3
22. Rb1 Qb5 23. Ba3 Qxa5 24. Nf1 Qb5 25. Qc2 Bb6 26. N1d2 Ba5 27. Red1 Bxd2 28.
Nxd2 f6 29. Re1 c5 30. Nxb3 Bxb3 31. Qd2 Rac8 32. Rbc1 Rc6 33. Rf1 c4 34. dxc4
Bxc4 35. Rfe1 Rec8 36. f3 Bb3 37. Rxc6 Qxc6 38. Bb4 Qa4 39. Ba3 Rc2 40. Qb4
Qxb4 41. Bxb4 d3 42. Ra1 d2 43. Kh2 Rxb2 44. Bxd2 Rxd2 45. h4 Kh7 46. Kg3 h5
47. Rb1 Bc4 48. Rc1 Bd3 49. Ra1 Kh6 50. Rc1 g5 51. hxg5+ Kxg5 52. Kh3 Bb5 0-1

[Event "Tata Steel Chess 2020 GM-B"]
[Site "Wijk aan Zee NED"]
[Date "2020.01.16"]
[Round "5.4"]
[White "Grandelius, Nils"]
[Black "Warmerdam, Max"]
[Result "1-0"]
[WhiteElo "2673"]
[BlackElo "2498"]
[PlyCount "109"]
[EventDate "2020.01.11"]
[EventType "tourn"]
[EventRounds "13"]
[EventCountry "NED"]
[SourceTitle "Ajedrez en Madrid"]
[Source "lmi"]
[SourceDate "2020.01.11"]
[SourceVersion "1"]
[SourceVersionDate "2020.01.19"]
[SourceQuality "1"]

1. Nf3 d5 2. g3 c6 3. Bg2 Bg4 4. O-O Nd7 5. h3 Bh5 6. d4 e6 7. c4 dxc4 8. Nbd2
Nb6 9. Qc2 Nf6 10. Nxc4 Bg6 11. Qb3 Nxc4 12. Qxc4 Be4 13. Ne5 Bd5 14. Qd3 Bxg2
15. Kxg2 Bd6 16. Nf3 O-O 17. e4 Be7 18. Rd1 Rc8 19. b3 Qa5 20. Bd2 Qa3 21. Bc3
Rfd8 22. Ne5 c5 23. Qf3 cxd4 24. Bxd4 Qa5 25. Nc4 Qa6 26. a4 b6 27. Bxf6 Bxf6
28. e5 Be7 29. Nd6 Bxd6 30. exd6 h6 31. Rac1 Rc5 32. b4 Rf5 33. Qe4 Qxa4 34. g4
Rd5 35. Rxd5 exd5 36. Qxd5 Qd7 37. Rc7 Qe6 38. Qxe6 fxe6 39. d7 Kf7 40. Rxa7
Ke7 41. Rb7 Rxd7 42. Rxb6 Rd4 43. b5 Rb4 44. Rb8 Kf6 45. Kg3 h5 46. gxh5 Kg5
47. b6 Kxh5 48. b7 Kg6 49. h4 Kh7 50. h5 e5 51. Kf3 Rb3+ 52. Ke4 Rb5 53. Kf5
Rb2 54. Kxe5 Re2+ 55. Kd4 1-0

[Event "Tata Steel Chess 2020 GM-B"]
[Site "Wijk aan Zee NED"]
[Date "2020.01.16"]
[Round "5.5"]
[White "Smeets, Jan"]
[Black "Mamedov, Rauf"]
[Result "1-0"]
[WhiteElo "2585"]
[BlackElo "2659"]
[PlyCount "77"]
[EventDate "2020.01.11"]
[EventType "tourn"]
[EventRounds "13"]
[EventCountry "NED"]
[SourceTitle "Ajedrez en Madrid"]
[Source "lmi"]
[SourceDate "2020.01.11"]
[SourceVersion "1"]
[SourceVersionDate "2020.01.19"]
[SourceQuality "1"]

1. e4 c5 2. Nf3 Nc6 3. Bb5 g6 4. O-O Bg7 5. c3 Nf6 6. Re1 O-O 7. d4 d5 8. e5
Ne4 9. Bxc6 bxc6 10. Be3 Rb8 11. Qc1 Qb6 12. b3 cxd4 13. cxd4 Qa5 14. Nbd2 Bf5
15. Nxe4 Bxe4 16. Nd2 Bf5 17. Qb2 Rfc8 18. Rec1 Bf8 19. Rc3 Qa6 20. Nf3 Be4 21.
Ne1 h5 22. h3 Bf5 23. Rac1 f6 24. Qd2 Kh7 25. f3 g5 26. Nd3 Bg7 27. Nc5 Qa5 28.
g4 Bg6 29. f4 gxf4 30. Bxf4 Rg8 31. exf6 exf6 32. Bxb8 Rxb8 33. Ne6 Bh6 34. g5
fxg5 35. Nxg5+ Kg8 36. Qf4 Rf8 37. Qd6 Qxa2 38. Qxg6+ Bg7 39. Qh7# 1-0

[Event "Tata Steel Chess 2020 GM-B"]
[Site "Wijk aan Zee NED"]
[Date "2020.01.16"]
[Round "5.6"]
[White "Keymer, Vincent"]
[Black "Abdusattorov, Nodirbek"]
[Result "0-1"]
[WhiteElo "2527"]
[BlackElo "2635"]
[PlyCount "72"]
[EventDate "2020.01.11"]
[EventType "tourn"]
[EventRounds "13"]
[EventCountry "NED"]
[SourceTitle "Ajedrez en Madrid"]
[Source "lmi"]
[SourceDate "2020.01.11"]
[SourceVersion "1"]
[SourceVersionDate "2020.01.19"]
[SourceQuality "1"]

1. d4 Nf6 2. c4 e6 3. Nf3 d5 4. Nc3 Be7 5. g3 O-O 6. Bg2 dxc4 7. Ne5 c5 8. dxc5
Qxd1+ 9. Nxd1 Bxc5 10. O-O Nc6 11. Bxc6 bxc6 12. Be3 Bb6 13. Bxb6 axb6 14. Nc3
Bb7 15. a4 b5 16. axb5 cxb5 17. Nxb5 Rab8 18. Nc3 Bd5 19. Rfb1 Rfc8 20. f3 Bc6
21. g4 Be8 22. Ra5 Nd5 23. Nxd5 exd5 24. Rxd5 f6 25. Nd7 Rb7 26. Rbd1 Rxb2 27.
Rc5 Rxc5 28. Nxc5 Rxe2 29. Rd8 Kf7 30. Rc8 c3 31. Ne4 c2 32. Kf1 Rxh2 33. Kg1
Re2 34. Kf1 Bb5 35. Nd6+ Kg6 36. Nxb5 Rd2 0-1

[Event "Tata Steel Chess 2020 GM-B"]
[Site "Wijk aan Zee NED"]
[Date "2020.01.16"]
[Round "5.7"]
[White "L'Ami, Erwin"]
[Black "Saduakassova, Dinara"]
[Result "1-0"]
[WhiteElo "2606"]
[BlackElo "2519"]
[PlyCount "105"]
[EventDate "2020.01.11"]
[EventType "tourn"]
[EventRounds "13"]
[EventCountry "NED"]
[SourceTitle "Ajedrez en Madrid"]
[Source "lmi"]
[SourceDate "2020.01.11"]
[SourceVersion "1"]
[SourceVersionDate "2020.01.19"]
[SourceQuality "1"]

1. d4 Nf6 2. c4 e6 3. Nc3 Bb4 4. f3 d5 5. a3 Bxc3+ 6. bxc3 c5 7. cxd5 Nxd5 8.
dxc5 f5 9. Nh3 O-O 10. Nf4 Nc6 11. Nxd5 exd5 12. Bf4 Qf6 13. Qd2 Re8 14. Kf2
Be6 15. e3 Rac8 16. Bb5 a6 17. Bxc6 Rxc6 18. Qd4 Qe7 19. Rab1 Rxc5 20. Rxb7
Qxb7 21. Qxc5 Qb2+ 22. Kg3 Bf7 23. h4 h6 24. h5 Re6 25. Qc8+ Re8 26. Qxa6 Qxc3
27. a4 d4 28. exd4 Qxd4 29. a5 Qd5 30. Qb6 Re6 31. Qc7 Rc6 32. Qb8+ Kh7 33. Qa7
Qe6 34. Qe3 Qa2 35. Qe5 Qe6 36. Qxe6 Rxe6 37. Ra1 Ra6 38. Kh4 Bd5 39. Be3 Re6
40. Bd4 Re2 41. Kg3 Rd2 42. Be5 Re2 43. Bf4 Ra2 44. Rxa2 Bxa2 45. a6 g5 46. Bd2
f4+ 47. Bxf4 gxf4+ 48. Kxf4 Bd5 49. Ke5 Ba8 50. Kf6 Bc6 51. a7 Ba8 52. Ke7 Kg7
53. f4 1-0

[Event "Tata Steel Chess 2020 GM-B"]
[Site "Wijk aan Zee NED"]
[Date "2020.01.17"]
[Round "6.1"]
[White "Smeets, Jan"]
[Black "Ganguly, Surya Shekhar"]
[Result "1/2-1/2"]
[WhiteElo "2585"]
[BlackElo "2636"]
[PlyCount "137"]
[EventDate "2020.01.11"]
[EventType "tourn"]
[EventRounds "13"]
[EventCountry "NED"]
[SourceTitle "Ajedrez en Madrid"]
[Source "lmi"]
[SourceDate "2020.01.11"]
[SourceVersion "1"]
[SourceVersionDate "2020.01.19"]
[SourceQuality "1"]

1. e4 c5 2. Nf3 d6 3. Bb5+ Nd7 4. O-O a6 5. Bd3 Ngf6 6. Re1 e6 7. c3 b5 8. a4
Bb7 9. Bc2 c4 10. d4 cxd3 11. Qxd3 Nc5 12. Qe2 bxa4 13. Be3 Bxe4 14. Bxc5 Bxc2
15. Qxc2 dxc5 16. Qxa4+ Qd7 17. Rd1 Qxa4 18. Rxa4 Be7 19. Nbd2 Nd5 20. Nc4 f6
21. Rda1 Nc7 22. h4 O-O 23. Kf1 h5 24. Ke2 Rfd8 25. Ne1 Rab8 26. Nd3 Kf7 27.
Kd2 Rd5 28. Kc2 g6 29. Ne3 Rd7 30. Rd1 Kg7 31. Rc4 Nd5 32. Re1 Nb6 33. Re4 e5
34. Nc4 Nxc4 35. Rxc4 Rbd8 36. Rd1 f5 37. f3 f4 38. b3 Rd5 39. Ra4 R8d6 40.
Raa1 Kh7 41. c4 Rd4 42. Nxe5 Bf6 43. Rxd4 Rxd4 44. Re1 Bxh4 45. Re2 g5 46. Nd3
g4 47. Nxc5 gxf3 48. gxf3 Bg3 49. Nxa6 h4 50. c5 h3 51. c6 Rd6 52. Nb4 Rd8 53.
c7 Rc8 54. Nd5 h2 55. Rxh2+ Bxh2 56. Kd3 Bg1 57. Kc4 Bb6 58. Nxb6 Rxc7+ 59. Kd4
Kg6 60. Nd5 Rf7 61. Ke5 Kg5 62. b4 Rf8 63. b5 Re8+ 64. Kd6 Re3 65. Nxf4 Kxf4
66. b6 Rb3 67. Kc7 Kxf3 68. b7 Rxb7+ 69. Kxb7 1/2-1/2

[Event "Tata Steel Chess 2020 GM-B"]
[Site "Wijk aan Zee NED"]
[Date "2020.01.17"]
[Round "6.2"]
[White "Van Foreest, Lucas"]
[Black "Grandelius, Nils"]
[Result "0-1"]
[WhiteElo "2523"]
[BlackElo "2673"]
[PlyCount "86"]
[EventDate "2020.01.11"]
[EventType "tourn"]
[EventRounds "13"]
[EventCountry "NED"]
[SourceTitle "Ajedrez en Madrid"]
[Source "lmi"]
[SourceDate "2020.01.11"]
[SourceVersion "1"]
[SourceVersionDate "2020.01.19"]
[SourceQuality "1"]

1. e4 c5 2. Nf3 d6 3. d4 cxd4 4. Nxd4 Nf6 5. Nc3 a6 6. Bd2 Nc6 7. Nxc6 bxc6 8.
Bd3 g6 9. O-O Bg7 10. Qe1 O-O 11. Rd1 e5 12. Na4 Be6 13. c4 Nh5 14. Be2 Nf4 15.
Bxf4 exf4 16. c5 Qg5 17. cxd6 Be5 18. Bf3 Bc4 19. Nb6 Bxf1 20. Kxf1 Rad8 21.
Nc4 Rfe8 22. Qa5 Re6 23. Bg4 f3 24. Bxe6 Qxg2+ 25. Ke1 Qg1+ 26. Kd2 Rxd6+ 27.
Bd5 Qxf2+ 28. Kc1 Bf4+ 29. Kb1 Rd7 30. Bxf7+ Rxf7 31. Qc3 Bc7 32. e5 Qh4 33.
Qd3 f2 34. Rf1 Qxh2 35. Nd6 Bxd6 36. exd6 Qg2 37. Kc2 Qd5 38. Qxd5 cxd5 39. d7
Rxd7 40. Rxf2 h5 41. b4 h4 42. Kd3 Rf7 43. Rh2 Rf4 0-1

[Event "Tata Steel Chess 2020 GM-B"]
[Site "Wijk aan Zee NED"]
[Date "2020.01.17"]
[Round "6.3"]
[White "Mamedov, Rauf"]
[Black "Smirnov, Anton"]
[Result "1/2-1/2"]
[WhiteElo "2659"]
[BlackElo "2604"]
[PlyCount "98"]
[EventDate "2020.01.11"]
[EventType "tourn"]
[EventRounds "13"]
[EventCountry "NED"]
[SourceTitle "Ajedrez en Madrid"]
[Source "lmi"]
[SourceDate "2020.01.11"]
[SourceVersion "1"]
[SourceVersionDate "2020.01.19"]
[SourceQuality "1"]

1. e4 e6 2. d4 d5 3. e5 c5 4. c3 Qb6 5. Nf3 Nc6 6. a3 c4 7. Nbd2 Na5 8. g3 Bd7
9. Bg2 Be7 10. O-O g5 11. Qe2 h5 12. Ne1 g4 13. Nc2 O-O-O 14. Ne3 Ba4 15. Re1
Kb8 16. Rb1 Nh6 17. b4 Nb3 18. Nxb3 Bxb3 19. Nf1 Rdg8 20. Bf4 Bg5 21. Bxg5 Rxg5
22. Qd2 Rhg8 23. Ne3 Nf5 24. Rbc1 Qd8 25. Nxf5 Rxf5 26. h4 gxh3 27. Bxh3 Qg5
28. Qxg5 Rfxg5 29. Kh2 Kc7 30. Re3 Ba4 31. f4 R5g7 32. f5 Bd7 33. Rf1 Kc6 34.
a4 Kc7 35. fxe6 Bxe6 36. Rf6 h4 37. gxh4 Bxh3 38. Kxh3 Rg1 39. Rxf7+ Kd8 40.
Rf2 Rh1+ 41. Rh2 Rhg1 42. Rf3 Ke7 43. Re3 Ke6 44. Rf3 Ke7 45. e6 b6 46. b5 R8g6
47. Re3 Rg7 48. Rf2 Rh1+ 49. Rh2 Rhg1 1/2-1/2

[Event "Tata Steel Chess 2020 GM-B"]
[Site "Wijk aan Zee NED"]
[Date "2020.01.17"]
[Round "6.4"]
[White "Warmerdam, Max"]
[Black "Eljanov, Pavel"]
[Result "0-1"]
[WhiteElo "2498"]
[BlackElo "2650"]
[PlyCount "44"]
[EventDate "2020.01.11"]
[EventType "tourn"]
[EventRounds "13"]
[EventCountry "NED"]
[SourceTitle "Ajedrez en Madrid"]
[Source "lmi"]
[SourceDate "2020.01.11"]
[SourceVersion "1"]
[SourceVersionDate "2020.01.19"]
[SourceQuality "1"]

1. e4 c6 2. d4 d5 3. e5 Bf5 4. h4 h5 5. c4 e6 6. Nc3 Ne7 7. Nge2 Nd7 8. Ng3 Bg4
9. Be2 Bxe2 10. Qxe2 g6 11. Bg5 Bh6 12. cxd5 cxd5 13. f4 Bxg5 14. fxg5 Qb6 15.
Rd1 a6 16. O-O Rc8 17. Qf3 Nf5 18. Kh2 Rc4 19. Nce2 Nxe5 20. Qf4 Ng4+ 21. Kh1
Nxg3+ 22. Nxg3 Qc7 0-1

[Event "Tata Steel Chess 2020 GM-B"]
[Site "Wijk aan Zee NED"]
[Date "2020.01.17"]
[Round "6.6"]
[White "Abdusattorov, Nodirbek"]
[Black "Nihal, Sarin"]
[Result "1/2-1/2"]
[WhiteElo "2635"]
[BlackElo "2618"]
[PlyCount "109"]
[EventDate "2020.01.11"]
[EventType "tourn"]
[EventRounds "13"]
[EventCountry "NED"]
[SourceTitle "Ajedrez en Madrid"]
[Source "lmi"]
[SourceDate "2020.01.11"]
[SourceVersion "1"]
[SourceVersionDate "2020.01.19"]
[SourceQuality "1"]

1. e4 e5 2. Nf3 Nc6 3. Bb5 a6 4. Ba4 Nf6 5. O-O Be7 6. Re1 b5 7. Bb3 O-O 8. a4
Bb7 9. d3 d6 10. Nbd2 Nd7 11. c3 Nc5 12. axb5 axb5 13. Rxa8 Qxa8 14. Bc2 b4 15.
Nc4 bxc3 16. bxc3 Qa1 17. Be3 Qxd1 18. Rxd1 Nd7 19. Rb1 Rb8 20. Nfd2 Bc8 21.
Rxb8 Ndxb8 22. f4 exf4 23. Bxf4 f5 24. exf5 Bxf5 25. Ne3 Bg6 26. Nf3 Nd7 27.
Nd5 Bd8 28. Bg5 Nf6 29. Bxf6 Bxf6 30. Nxf6+ gxf6 31. Nh4 Kg7 32. Kf2 Ne7 33.
Nxg6 hxg6 34. Bb3 f5 35. h4 Kf6 36. g3 Nc6 37. d4 Ne7 38. Kf3 Nc8 39. Bd5 Ne7
40. Bb7 Kg7 41. Kf4 Kf6 42. c4 c5 43. dxc5 dxc5 44. Bf3 Nc8 45. g4 fxg4 46.
Kxg4 Nd6 47. Be2 Nf7 48. Kf4 g5+ 49. hxg5+ Nxg5 50. Bh5 Ne6+ 51. Ke4 Nc7 52.
Bg4 Na8 53. Kd5 Nb6+ 54. Kxc5 Nxc4 55. Kxc4 1/2-1/2

[Event "Tata Steel Chess 2020 GM-B"]
[Site "Wijk aan Zee NED"]
[Date "2020.01.17"]
[Round "6.7"]
[White "Anton Guijarro, David"]
[Black "L'Ami, Erwin"]
[Result "1/2-1/2"]
[WhiteElo "2694"]
[BlackElo "2606"]
[PlyCount "79"]
[EventDate "2020.01.11"]
[EventType "tourn"]
[EventRounds "13"]
[EventCountry "NED"]
[SourceTitle "Ajedrez en Madrid"]
[Source "lmi"]
[SourceDate "2020.01.11"]
[SourceVersion "1"]
[SourceVersionDate "2020.01.19"]
[SourceQuality "1"]

1. c4 e6 2. g3 d5 3. Bg2 Nf6 4. Nf3 dxc4 5. Qc2 c5 6. O-O Nc6 7. Na3 Be7 8.
Nxc4 O-O 9. Nce5 Nxe5 10. Nxe5 Nd5 11. a3 b6 12. Nc6 Qe8 13. Nxe7+ Qxe7 14. b4
Ba6 15. d3 Rfc8 16. Qd2 c4 17. dxc4 Bxc4 18. Bb2 b5 19. Qd4 f6 20. Rfe1 Rd8 21.
Qh4 Qf7 22. Be4 h6 23. Rad1 Rac8 24. Bb1 e5 25. Qe4 Nb6 26. f4 exf4 27. Bd4 Na4
28. gxf4 Ba2 29. Bxa2 Qxa2 30. Bxf6 gxf6 31. Qg6+ Kf8 32. Qxf6+ Ke8 33. Rd3 Qf7
34. Qh8+ Ke7 35. Qe5+ Kf8 36. Rg3 Nb6 37. Qh8+ Ke7 38. Qe5+ Kf8 39. Qh8+ Ke7
40. Qe5+ 1/2-1/2